<?xml version="1.0" encoding="UTF-8"?>
<record
    xmlns:xsi="http://www.w3.org/2001/XMLSchema-instance"
    xsi:schemaLocation="http://www.loc.gov/MARC21/slim http://www.loc.gov/standards/marcxml/schema/MARC21slim.xsd"
    xmlns="http://www.loc.gov/MARC21/slim">

  <leader>00538nam a22001817a 4500</leader>
  <controlfield tag="005">20251204170042.0</controlfield>
  <controlfield tag="008">250909b        |||||||| |||| 00| 0 eng d</controlfield>
  <datafield tag="020" ind1=" " ind2=" ">
    <subfield code="a">978-81-312-7090-5</subfield>
  </datafield>
  <datafield tag="041" ind1=" " ind2=" ">
    <subfield code="a">eng</subfield>
  </datafield>
  <datafield tag="082" ind1=" " ind2=" ">
    <subfield code="a">616.079 ABB-B</subfield>
  </datafield>
  <datafield tag="100" ind1=" " ind2=" ">
    <subfield code="a">ABBAS , ABUL K. AND LICHTMAN, ANDREW H AND PILLAI SHIV </subfield>
    <subfield code="9">8672</subfield>
  </datafield>
  <datafield tag="245" ind1=" " ind2=" ">
    <subfield code="a">BASIC IMMUNOLOGY: FUNCTION AND DISORDERS OF THE IMMUNE SYSTEM  [7TH ED.]</subfield>
  </datafield>
  <datafield tag="250" ind1=" " ind2=" ">
    <subfield code="a">7TH ED.</subfield>
  </datafield>
  <datafield tag="260" ind1=" " ind2=" ">
    <subfield code="a">GURGAON </subfield>
    <subfield code="b">ELSEVIER</subfield>
    <subfield code="c">2024</subfield>
  </datafield>
  <datafield tag="300" ind1=" " ind2=" ">
    <subfield code="a">345;P</subfield>
  </datafield>
  <datafield tag="650" ind1=" " ind2=" ">
    <subfield code="a">PARAMEDICAL</subfield>
    <subfield code="x">BMIRT/BMLT</subfield>
    <subfield code="9">8848</subfield>
  </datafield>
  <datafield tag="942" ind1=" " ind2=" ">
    <subfield code="c">BK</subfield>
  </datafield>
  <datafield tag="999" ind1=" " ind2=" ">
    <subfield code="c">8801</subfield>
    <subfield code="d">8799</subfield>
  </datafield>
  <datafield tag="952" ind1=" " ind2=" ">
    <subfield code="0">0</subfield>
    <subfield code="1">0</subfield>
    <subfield code="4">0</subfield>
    <subfield code="7">0</subfield>
    <subfield code="8">PARAMEDICAL</subfield>
    <subfield code="a">JRU</subfield>
    <subfield code="b">JRU</subfield>
    <subfield code="c">REF</subfield>
    <subfield code="d">2025-09-09</subfield>
    <subfield code="e">PURCHASE</subfield>
    <subfield code="g">1500.00</subfield>
    <subfield code="l">1</subfield>
    <subfield code="o">616.079</subfield>
    <subfield code="p">28782</subfield>
    <subfield code="r">2026-04-17 10:36:48</subfield>
    <subfield code="s">2026-04-17</subfield>
    <subfield code="w">2025-09-09</subfield>
    <subfield code="y">BK</subfield>
  </datafield>
  <datafield tag="952" ind1=" " ind2=" ">
    <subfield code="0">0</subfield>
    <subfield code="1">0</subfield>
    <subfield code="4">0</subfield>
    <subfield code="7">0</subfield>
    <subfield code="8">PARAMEDICAL</subfield>
    <subfield code="a">JRU</subfield>
    <subfield code="b">JRU</subfield>
    <subfield code="c">SHELF-105-E</subfield>
    <subfield code="d">2025-09-09</subfield>
    <subfield code="e">PURCHASE</subfield>
    <subfield code="g">1500.00</subfield>
    <subfield code="l">1</subfield>
    <subfield code="o">616.079</subfield>
    <subfield code="p">28783</subfield>
    <subfield code="r">2025-09-22 12:56:32</subfield>
    <subfield code="s">2025-09-12</subfield>
    <subfield code="w">2025-09-09</subfield>
    <subfield code="y">BK</subfield>
  </datafield>
  <datafield tag="952" ind1=" " ind2=" ">
    <subfield code="0">0</subfield>
    <subfield code="1">0</subfield>
    <subfield code="4">0</subfield>
    <subfield code="7">0</subfield>
    <subfield code="8">PARAMEDICAL</subfield>
    <subfield code="a">JRU</subfield>
    <subfield code="b">JRU</subfield>
    <subfield code="c">SHELF-105-E</subfield>
    <subfield code="d">2025-09-09</subfield>
    <subfield code="e">PURCHASE</subfield>
    <subfield code="g">1500.00</subfield>
    <subfield code="l">1</subfield>
    <subfield code="o">616.079</subfield>
    <subfield code="p">28784</subfield>
    <subfield code="r">2025-10-08 11:02:53</subfield>
    <subfield code="s">2025-09-12</subfield>
    <subfield code="w">2025-09-09</subfield>
    <subfield code="y">BK</subfield>
  </datafield>
  <datafield tag="952" ind1=" " ind2=" ">
    <subfield code="0">0</subfield>
    <subfield code="1">0</subfield>
    <subfield code="4">0</subfield>
    <subfield code="7">0</subfield>
    <subfield code="8">PARAMEDICAL</subfield>
    <subfield code="a">JRU</subfield>
    <subfield code="b">JRU</subfield>
    <subfield code="c">SHELF-105-E</subfield>
    <subfield code="d">2025-09-09</subfield>
    <subfield code="e">PURCHASE</subfield>
    <subfield code="g">1500.00</subfield>
    <subfield code="l">4</subfield>
    <subfield code="o">616.079</subfield>
    <subfield code="p">28785</subfield>
    <subfield code="q">2026-05-22</subfield>
    <subfield code="r">2026-02-21 09:11:19</subfield>
    <subfield code="s">2026-02-21</subfield>
    <subfield code="w">2025-09-09</subfield>
    <subfield code="y">BK</subfield>
  </datafield>
  <datafield tag="952" ind1=" " ind2=" ">
    <subfield code="0">0</subfield>
    <subfield code="1">0</subfield>
    <subfield code="4">0</subfield>
    <subfield code="7">0</subfield>
    <subfield code="8">PARAMEDICAL</subfield>
    <subfield code="a">JRU</subfield>
    <subfield code="b">JRU</subfield>
    <subfield code="c">SHELF-105-E</subfield>
    <subfield code="d">2025-09-09</subfield>
    <subfield code="e">PURCHASE</subfield>
    <subfield code="g">1500.00</subfield>
    <subfield code="l">3</subfield>
    <subfield code="o">616.079</subfield>
    <subfield code="p">28786</subfield>
    <subfield code="r">2026-04-27 11:55:28</subfield>
    <subfield code="s">2026-04-17</subfield>
    <subfield code="w">2025-09-09</subfield>
    <subfield code="y">BK</subfield>
  </datafield>
  <datafield tag="952" ind1=" " ind2=" ">
    <subfield code="0">0</subfield>
    <subfield code="1">0</subfield>
    <subfield code="4">0</subfield>
    <subfield code="7">0</subfield>
    <subfield code="8">PARAMEDICAL</subfield>
    <subfield code="a">JRU</subfield>
    <subfield code="b">JRU</subfield>
    <subfield code="c">SHELF-105-E</subfield>
    <subfield code="d">2025-12-01</subfield>
    <subfield code="e">PURCHASE</subfield>
    <subfield code="g">1995.00</subfield>
    <subfield code="h">LBI-000811/28-11-2025</subfield>
    <subfield code="l">0</subfield>
    <subfield code="o">616.079 ABB-B</subfield>
    <subfield code="p">29247</subfield>
    <subfield code="r">2025-12-03 09:55:58</subfield>
    <subfield code="w">2025-12-03</subfield>
    <subfield code="y">BK</subfield>
  </datafield>
  <datafield tag="952" ind1=" " ind2=" ">
    <subfield code="0">0</subfield>
    <subfield code="1">0</subfield>
    <subfield code="4">0</subfield>
    <subfield code="7">0</subfield>
    <subfield code="8">PARAMEDICAL</subfield>
    <subfield code="a">JRU</subfield>
    <subfield code="b">JRU</subfield>
    <subfield code="c">SHELF-105-E</subfield>
    <subfield code="d">2025-12-01</subfield>
    <subfield code="e">PURCHASE</subfield>
    <subfield code="g">1995.00</subfield>
    <subfield code="h">LBI-000811/28-11-2025</subfield>
    <subfield code="l">0</subfield>
    <subfield code="o">616.079 ABB-B</subfield>
    <subfield code="p">29248</subfield>
    <subfield code="r">2025-12-03 09:55:58</subfield>
    <subfield code="w">2025-12-03</subfield>
    <subfield code="y">BK</subfield>
  </datafield>
  <datafield tag="952" ind1=" " ind2=" ">
    <subfield code="0">0</subfield>
    <subfield code="1">0</subfield>
    <subfield code="4">0</subfield>
    <subfield code="7">0</subfield>
    <subfield code="8">PARAMEDICAL</subfield>
    <subfield code="a">JRU</subfield>
    <subfield code="b">JRU</subfield>
    <subfield code="c">SHELF-105-E</subfield>
    <subfield code="d">2025-12-01</subfield>
    <subfield code="e">PURCHASE</subfield>
    <subfield code="g">1995.00</subfield>
    <subfield code="h">LBI-000811/28-11-2025</subfield>
    <subfield code="l">0</subfield>
    <subfield code="o">616.079 ABB-B</subfield>
    <subfield code="p">29249</subfield>
    <subfield code="r">2025-12-03 09:55:58</subfield>
    <subfield code="w">2025-12-03</subfield>
    <subfield code="y">BK</subfield>
  </datafield>
</record>
